| 000 | 00413nam a2200157Ia 4500 | ||
|---|---|---|---|
| 008 | 210716s1992 xx 000 0 und d | ||
| 020 | _a876925034 | ||
| 041 | _aeng | ||
| 082 | _a621.3822 OPPA | ||
| 100 | _aOppenheim, Alan V; Willsky, Alan S. | ||
| 245 | _aSignals and systems. | ||
| 250 | _a1 | ||
| 260 |
_aNew Delhi _bPrentice Hall of India PVt Ltd _c1992 |
||
| 300 | _axix,796 | ||
| 650 | _aDigital Systems | ||
| 999 |
_c182871 _d182871 |
||